000 00751cam a2200229 4500
001 ABS61696
008 000000n1999 000 0 eng u
035 _a(Sirsi) u103276
100 _aWatson, P.
245 3 _aAn update on the private finance initiative
260 _c1999
490 _aBuilding Engineer
_v 74(10) December 1999, 20-22(3)
520 _aReviews the progress of PFI since it was set up in autumn 1992, and considers whether it provides value for money for the taxpayer. Graphs and references.
590 _aABS
650 _aPFI
650 _aPRIVATE FINANCE INITIATIVE
650 _aREVIEW
650 _aHISTORY
690 _aMANAGEMENT-BUSINESS MANAGEMENT-FINANCIAL MANAGEMENT
700 _aChapman, P.
942 _n0
999 _c62060
_d62060